Mechanical vibrations : (Record no. 545170)

000 -LEADER
fixed length control field 00624nam a2200181 a 4500
020 ## - INTERNATIONAL STANDARD BOOK NUMBER
International Standard Book Number 0471939277 :
020 ## - INTERNATIONAL STANDARD BOOK NUMBER
International Standard Book Number 2225841683 (France)
082 00 - DEWEY DECIMAL CLASSIFICATION NUMBER
Classification number 620.3
Author Mark GER
-- L-5, P-24.
100 1# - MAIN ENTRY--PERSONAL NAME
Personal name Géradin, Michel,
9 (RLIN) 40955
245 10 - TITLE STATEMENT
Title Mechanical vibrations :
Remainder of title theory and application to structural dynamics /
Statement of responsibility, etc. Michel Géradin, Daniel Rixen.
260 ## - PUBLICATION, DISTRIBUTION, ETC.
Place of publication, distribution, etc. Chichester ;
-- New York :
Name of publisher, distributor, etc. Wiley ;
Place of publication, distribution, etc. Paris :
Name of publisher, distributor, etc. Masson,
Date of publication, distribution, etc. 1994.
300 ## - PHYSICAL DESCRIPTION
Extent xiv, 411 p. :
Other physical details ill. ;
Dimensions 25 cm.
526 ## - STUDY PROGRAM INFORMATION NOTE
Program name 0
Interest level 0
Reading level 0
Title point value 620_300000000000000_GER
650 #0 - SUBJECT ADDED ENTRY--TOPICAL TERM
Topical term or geographic name entry element MCE
9 (RLIN) 379
650 #0 - SUBJECT ADDED ENTRY--TOPICAL TERM
Topical term or geographic name entry element Structural dynamics.
9 (RLIN) 10008
700 1# - ADDED ENTRY--PERSONAL NAME
Personal name Rixen, Daniel.
9 (RLIN) 10010
942 ## - ADDED ENTRY ELEMENTS (KOHA)
Source of classification or shelving scheme
Koha item type Book
Holdings
Withdrawn status Lost status Source of classification or shelving scheme Damaged status Not for loan Permanent Location Current Location Date acquired Total Checkouts Full call number Barcode Date last seen Price effective from Koha item type
          Military College of Engineering (MCE) Military College of Engineering (MCE) 05/19/2014   620.3 GER MCE-28687 05/19/2014 05/19/2014 Book
© 2023 Central Library, National University of Sciences and Technology. All Rights Reserved.